La escuelita : relatos testimoniales /

"La Escuelita" es un relato que nos emociona, nos avergüenza, nos hace admirar a todos aquellos que mantuvieron su dignidad ante las humillaciones más perversas de nuestra vida como Nación. Una lectura para construir un futuro. El relato de Alicia Partnoy va a quedar para siempre. Gracias,...

Descripción completa

Guardado en:
Autor Principal: Partnoy, Alicia.
Otros Autores: Rep, Miguel; il., Nebbia, José Alberto; pref., Jensen, Silvia; pról.
Formato: Libro
Idioma:Undetermined
Publicado: Santa Rosa : Buenos Aires ; 7 Sellos : Hemisferio Derecho, 2024.
Edición:1a ed.
Materias:
Etiquetas: Agregar Etiqueta
Sin Etiquetas, Sea el primero en etiquetar este registro!
LEADER 01543nam a22002535a 4500
001 CEM.cems021147
008 240508s2024####ag############000#0#und#d
005 20240508171817.0
245 1 0 |a La escuelita :  |b relatos testimoniales /  |c Alicia Partnoy; ilustrado por Miguel Rep ; prefacio de José Alberto Nebbia ; prólogo de Silvia Jensen. 
250 |a 1a ed. 
260 |a Santa Rosa :  |b 7 Sellos :  |a Buenos Aires ;  |b Hemisferio Derecho,  |c 2024. 
300 |a 166 p. 
520 |a "La Escuelita" es un relato que nos emociona, nos avergüenza, nos hace admirar a todos aquellos que mantuvieron su dignidad ante las humillaciones más perversas de nuestra vida como Nación. Una lectura para construir un futuro. El relato de Alicia Partnoy va a quedar para siempre. Gracias, Alicia. Para que aprendamos definitivamente. La Escuelita, convertida en una universidad para que aprendamos a no permitir nunca más ni dictaduras militares ni cívico-militares ni civiles, ni la picana eléctrica ni el balazo preventivo. El "nunca más" debe estar en el vocabulario del docente, de los padres, de las madres argentinas. Vocabulario para siempre en la historia argentina futura. Osvaldo Bayer, 2011. 
020 |a 9786316528148 
100 1 |a Partnoy, Alicia. 
700 1 |a Rep, Miguel; il. 
700 1 |a Nebbia, José Alberto; pref. 
700 1 |a Jensen, Silvia; pról. 
653 |a Literatura 
653 |a Relatos 
653 |a Testimonio 
653 |a Memorias 
653 |a Dictadura 
859 |a CEMS  |b BIB. CEMS - 11 de abril  |h 364.15  |i P258-2  |p 29936.24  |t Ej.1